Nicaragua 1986

محفوظ في:
التفاصيل البيبلوغرافية
مؤلف مشترك: Centro de Comunicación Internacional
التنسيق: نص
منشور في: Managua: Centro de Comunicación Internacional
الوسوم: إضافة وسم
لا توجد وسوم, كن أول من يضع وسما على هذه التسجيلة!

MARC

LEADER 00000 a a2200000 04500
001 21086
003
040
090 |a 091205  
110 |a Centro de Comunicación Internacional  
245 |a Nicaragua 1986  
260 |a Managua:   |b Centro de Comunicación Internacional  
300 |a p. irreg  
999 |c 3484  |d 3484